[Event "San Juan-ch Juvenil de Puerto Rico"]
[Site "San Juan"]
[Date "2016.12.11"]
[Round "5.2"]
[White "Davila Blanco, Juan Jose"]
[Black "Morales Hernandez, Yaime"]
[Result "1-0"]
[WhiteElo "1889"]
[BlackElo "1459"]
[PlyCount "59"]
[EventDate "2016.12.09"]
[EventType "tourn"]
[EventRounds "5"]
[EventCountry "PUR"]
[SourceTitle "EXT 2024"]
[Source "ChessBase"]
[SourceDate "2023.10.10"]
[SourceVersion "1"]
[SourceVersionDate "2023.10.10"]
[SourceQuality "1"]

1. d4 d5 2. Nf3 Nc6 3. c4 e6 4. Nc3 Nf6 5. e3 Be7 6. Bd3 0-0 7. 0-0 Bd7 8. a3 Re8 9. Qc2 h6 10. Ne5 Nxe5 11. dxe5 Ng4 12. f4 Bc5 13. Qe2 Nxh2 14. Kxh2 Qh4+ 15. Kg1 d4 16. Ne4 Bb6 17. c5 Ba5 18. b4 Bxb4 19. axb4 dxe3 20. Qxe3 b6 21. Bb2 Rec8 22. Rf3 Bc6 23. Rh3 Qe7 24. Nf6+ Kf8 25. Qg3 gxf6 26. exf6 Qd8 27. Qg7+ Ke8 28. Qg8+ Kd7 29. Qxf7+ Qe7 30. Qxe7# 1-0

[Event "Pan American-ch U14 Girls 27th"]
[Site "Montevideo"]
[Date "2016.07.30"]
[Round "8"]
[White "Morales Hernandez, Yaime"]
[Black "Salazar Gould, Melannie"]
[Result "0-1"]
[WhiteElo "1336"]
[BlackElo "1614"]
[PlyCount "102"]
[EventDate "2016.07.25"]
[EventType "swiss"]
[EventRounds "9"]
[EventCountry "URU"]
[SourceTitle "EXT 2017"]
[Source "ChessBase"]
[SourceDate "2016.10.25"]
[SourceVersion "1"]
[SourceVersionDate "2016.10.25"]
[SourceQuality "1"]

1. e4 e5 2. Nf3 Nf6 3. Nc3 Bb4 4. d3 d5 5. Bd2 Bxc3 6. Bxc3 dxe4 7. dxe4 Nxe4 8. Qxd8+ Kxd8 9. Bxe5 Re8 10. Be2 f6 11. Bf4 Bd7 12. 0-0 g5 13. Be3 h5 14. Rad1 Nc6 15. Nd4 Rh8 16. Ne6+ Kc8 17. Ng7 h4 18. Bf3 Nd6 19. h3 Ne5 20. Bd4 Nxf3+ 21. gxf3 Bxh3 22. Rfe1 Rf8 23. Kh2 Bd7 24. b3 b6 25. c4 Kb7 26. Re7 Bc8 27. Ne6 Bxe6 28. Rxe6 Ne8 29. c5 Rd8 30. cxb6 axb6 31. a4 Ng7 32. Ree1 Rf7 33. Bc3 Rxd1 34. Rxd1 Ne6 35. b4 Nf4 36. Rb1 Nd5 37. Be1 Re7 38. Kh3 Nf4+ 39. Kg4 Re6 40. Bd2 Nd5 41. b5 Re2 42. Be1 Ra2 43. Rd1 c6 44. Kh3 Rxa4 45. bxc6+ Kxc6 46. Rc1+ Kd6 47. Rd1 Ke6 48. Bd2 Ra2 49. Re1+ Kf5 50. Be3 Nxe3 51. fxe3 Rf2 0-1

[Event "Pan American-ch U14 Girls 27th"]
[Site "Montevideo"]
[Date "2016.07.25"]
[Round "1"]
[White "Mora, Oriana"]
[Black "Morales Hernandez, Yaime"]
[Result "1/2-1/2"]
[WhiteElo "1575"]
[BlackElo "1336"]
[PlyCount "107"]
[EventDate "2016.07.25"]
[EventType "swiss"]
[EventRounds "9"]
[EventCountry "URU"]
[SourceTitle "EXT 2017"]
[Source "ChessBase"]
[SourceDate "2016.10.25"]
[SourceVersion "1"]
[SourceVersionDate "2016.10.25"]
[SourceQuality "1"]

1. d4 d5 2. c4 e6 3. Nc3 Nf6 4. cxd5 exd5 5. Nf3 Nc6 6. Bg5 Be7 7. e3 0-0 8. a3 Bg4 9. Bd3 Re8 10. 0-0 Ne4 11. Bxe7 Rxe7 12. Be2 a6 13. h3 Bh5 14. Nd2 Bg6 15. Bf3 Nf6 16. Qb3 Na5 17. Qb4 b6 18. Qa4 Qd6 19. b4 Nc6 20. Qb3 Rd8 21. Rfe1 Bd3 22. Be2 Bxe2 23. Rxe2 Re6 24. Qc2 Ne7 25. Rc1 c5 26. bxc5 bxc5 27. Nf3 Nc6 28. Ng5 Ree8 29. Na4 c4 30. Nc5 Rc8 31. Ra1 h6 32. Nf3 a5 33. Ree1 Nd7 34. Nxd7 Qxd7 35. Qc3 Re6 36. Re2 Rg6 37. Kh2 Qf5 38. Nh4 Qh5 39. Nxg6 Qxe2 40. Nf4 Qxf2 41. Nxd5 Re8 42. Qxc4 Ne7 43. Rf1 Qb2 44. Nxe7+ Rxe7 45. Qc8+ Kh7 46. Qc5 Rxe3 47. Qf5+ Kg8 48. Qxf7+ Kh7 49. Qf5+ Kg8 50. Qf7+ Kh7 51. Qf5+ Kg8 52. Qd5+ Kh7 53. Qf5+ Kg8 54. Qf8+ 1/2-1/2